| 000 | 00726nam a2200217Ia 4500 | ||
|---|---|---|---|
| 003 | IN-BaIIA | ||
| 008 | 211028s9999 xx 000 0 eng d | ||
| 020 | _a0-87590-092-5 | ||
| 040 | _cIIA Library | ||
| 080 |
_a523.726 _bSUN |
||
| 245 | 0 |
_aSun-earth plasma connections _cedited by J. L. Burch, R. L. Carovillano and S. K. Antiocho |
|
| 260 |
_aWashington _bAmerican Geophysical Union _c1999 |
||
| 300 | _avii, 273p. | ||
| 490 | _aGeophysical monograph; 109 | ||
| 650 |
_aSpace Plasma _915003 |
||
| 650 |
_aSun _91200 |
||
| 650 |
_aSun-Earth plasma connections _929109 |
||
| 700 |
_aAntiocho, S. K., ed. _929110 |
||
| 700 |
_aCarovillano, R. L., ed. _95805 |
||
| 942 | _cBK | ||
| 999 |
_c15797 _d15797 |
||